• 首页
  • 本馆介绍
  • 公告通知
  • 最新文献
  • 馆藏检索
  • 电子资源
  • 读者导购
  • 参考咨询
  • 我的图书馆
  • 登录
  • 详细信息显示
  • 放入我的书架
  • 预约/预借图书
  • 作者相关作品
  • 分类相关作品
  • 丛书相关作品
  • 出版社相关作品

书目信息

  • 表格格式
  • 工作单格式
  • 卡片格式
题名:
橡胶栽培学
    
 
作者: ;华南热带作物学院 编
分册:  
出版信息: 北京   农业出版社  1979
页数: 303页
开本: 26cm
丛书名:
单 册:
中图分类: S794.1
科图分类:
主题词: 橡胶树--栽培
电子资源:
ISBN: 16144.1983
000 00689nam0 2200241 450
001 0179004630
005 20100712215556.0
010    @a16144.1983@dCNY2.05
091    @a16144.1983
100    @a19950811d1979 em y0chiy0110 ea
101 0  @achi
102    @aCN@b110000
105    @ay z 000yy
106    @ar
200 1  @a橡胶栽培学@9Xiang Jiao Zai Pei Xue @f华南热带作物学院编
210    @a北京@c农业出版社@d1979
215    @a303页@d26cm
300    @a全国高等农垦院校试用教材 热带作物专业用
606 0  @a橡胶树@x栽培
690    @aS794.1@v3
711 02 @a华南热带作物学院@9hua nan re dai zuo wu xue yuan@4编
801  0 @aCN@b91MARC@c20130904
905    @aBZT@dS794.1@e2@f5@sS794.1/2
    
    橡胶栽培学/华南热带作物学院编.-北京:农业出版社,1979
    303页;26cm
    全国高等农垦院校试用教材 热带作物专业用
    
    ISBN 16144.1983:CNY2.05
    
●
相关链接 在五车中查询图书 在当当中查询图书 在豆瓣中查询图书


正题名:橡胶栽培学     索取号:S794.1/2         预约/预借

序号 登录号 条形码 馆藏地/架位号 状态 备注
1 2000042084   2000042084   旧书回溯/ [索取号:S794.1/2] 在馆    
2 2000042085   2000042085   旧书回溯/ [索取号:S794.1/2] 在馆    
3 2000042086   2000042086   旧书回溯/ [索取号:S794.1/2] 在馆    
4 2000042087   2000042087   旧书回溯/ [索取号:S794.1/2] 在馆    
5 2000042088   2000042088   旧书回溯/ [索取号:S794.1/2] 在馆    
山东省滨州职业学院图书馆 欢迎您!
大连网信软件有限公司© 版权所有